00343nam a2200133Ia 4500008004100000020001500041041001200056100001700068245005800085250000800143260003800151300001000189650001000199221030s9999 xx 000 0 und d a8184121070 aEnglish aU. C. Jindal 2aA Text Book on Strength of Materialscby U. C. Jindal a2nd bAsian Books Ltd.aNew Delhic2009 a23.33 aCivil